00000000nam 2200000zi 4500
0019.890352
003CaOODSP
00520250129135530
006m     o  d f      
007cr mn|||||||||
008200812e202011##quca    obs  f000 0 fre d
020 |a9780660357805
040 |aCaOODSP|bfre|erda|cCaOODSP
043 |an-cn---
045 |ay1y1
0861 |aEn4-144/21-2020F-PDF
24500|aIndicateurs canadiens de durabilité de l'environnement : |bintégrité écologique des parcs nationaux.
24610|aIntégrité écologique des parcs nationaux
250 |a[Édition de novembre 2020].
264 1|aGatineau QC : |bEnvironnement et changement climatique Canada = Environment and Climate Change Canada, |cnovembre 2020.
264 4|c©2020
300 |a1 ressource en ligne (16 pages) : |billustrations en couleur
336 |atexte|btxt|2rdacontent/fre
337 |ainformatique|bc|2rdamedia/fre
338 |aressource en ligne|bcr|2rdacarrier/fre
500 |aPublié aussi en anglais sous le titre : Canadian environmental sustainability indicators: ecological integrity of national parks.
504 |aComprend des références bibliographiques.
650 6|aParcs nationaux|zCanada.
650 6|aIntégrité écologique|zCanada|vStatistiques.
650 6|aIndicateurs écologiques|zCanada.
655 7|aStatistiques|2rvmgf
7101 |aCanada. |bEnvironnement et changement climatique Canada, |eorganisme de publication.
77508|tCanadian environmental sustainability indicators : |w(CaOODSP)9.890350
794 |tIndicateurs canadiens de durabilité de l'environnement : |b(Octobre 2021)|w(CaOODSP)9.901966
795 |tIndicateurs canadiens de durabilité de l'environnement : |b(Juillet 2019)|w(CaOODSP)9.874604
85640|qPDF|s1,000 Ko|uhttps://publications.gc.ca/collections/collection_2021/eccc/en4-144/En4-144-21-2020-fra.pdf
8564 |qHTML|sS.O.|uhttps://www.canada.ca/fr/environnement-changement-climatique/services/indicateurs-environnementaux/integrite-ecologique-parcs-nationaux.html